| 000 | 00415nam a2200121Ia 4500 | ||
|---|---|---|---|
| 008 | 160712s9999 xx 000 0 und d | ||
| 100 | _aManalo, Paolo. | ||
| 245 |
_cPaolo Manalo _aJHemLeT, PhRInZ op JHenMarK! |
||
| 260 |
_c2013 _bJournal of English Studies and Comparative Literature |
||
| 300 | _avol. 13 no. 1 | ||
| 650 | _xLITERATURE | ||
| 856 | _uhttp://journals.upd.edu.ph/index.php/jescl/issue/view/410/showToc | ||
| 999 |
_c297318 _d297318 |
||